Charlesworth and Percy on Negligence (Record no. 108747)

MARC details
000 -LEADER
fixed length control field 00666cam a22002175a 4500
001 - CONTROL NUMBER
control field L145305
008 - FIXED-LENGTH DATA ELEMENTS--GENERAL INFORMATION
fixed length control field 080925s2008 xxk f 000 0 eng d
020 ## - INTERNATIONAL STANDARD BOOK NUMBER
International Standard Book Number 9781847035813
035 ## - SYSTEM CONTROL NUMBER
System control number (Sirsi) u145305
041 0# - LANGUAGE CODE
Language code of text/sound track or separate title eng
050 04 - LIBRARY OF CONGRESS CALL NUMBER
Classification number 346.41032 $2 18
100 1# - MAIN ENTRY--PERSONAL NAME
Personal name Walton, Christopher
245 00 - TITLE STATEMENT
Title Charlesworth and Percy on Negligence
Remainder of title second supplement to the Eleventh Edition
260 ## - PUBLICATION, DISTRIBUTION, ETC.
Place of publication, distribution, etc. London
Name of publisher, distributor, etc. Sweet and Maxwell
Date of publication, distribution, etc. 2008
300 ## - PHYSICAL DESCRIPTION
Extent xxiii, 94p.
Dimensions 24cm.
350 ## - PRICE (NR) (BK AM CF MU VM SE) [OBSOLETE]
Price 65
651 #4 - SUBJECT ADDED ENTRY--GEOGRAPHIC NAME
Geographic name England and Wales
Chronological subdivision 1543-
690 ## - LOCAL SUBJECT ADDED ENTRY--TOPICAL TERM (OCLC, RLIN)
Topical term or geographic name as entry element MANAGEMENT-BUSINESS MANAGEMENT-PROFESSIONAL PRACTICE-NEGLIGENCE
700 1# - ADDED ENTRY--PERSONAL NAME
Personal name Percy, Rodney
Relator term Consultant Editor
942 ## - ADDED ENTRY ELEMENTS (KOHA)
Suppress in OPAC 0

No items available.